000 01014nam a2200241Ia 4500
003 Ost
005 20260507074926.0
008 260507s9999||||xx |||||||||||||| ||und||
040 _cfsecg
041 _aara
082 _a519.7
100 _aعقل، مصباح جمعة
_eمؤلف
245 0 _aالبرمجة الخطية /
_c مصباح جمعة عقل
260 _aعمان:
_bمكتبة المجتمع العربي,
_c2008
300 _a281 صفحة؛
_bإيضاحات ؛
_c25 سم
504 _aببليوغرافيا: ص.281
520 _aحل المعادلات بالرسم، البرمجة الخطية، طريقة السيمبلكس، مشكلة النقل، التحليل الشبكي، نظرية المباريات، اتخاذ القرارات
653 _aاتخاذ القرارات
653 _aنظريات
700 _aابوزلطة، محمد خليل
_eمؤلف ثانوي
700 _aالقاضي، زياد عبد الكريم
_eمؤلف ثانوي
942 _cكتاب
999 _c41827
_d41827